I Shall Return -Jesus (Record no. 8681)

MARC details
000 -LEADER
fixed length control field 00558nam a2200241 a 4500
020 ## - INTERNATIONAL STANDARD BOOK NUMBER
ISBN
082 00 - DEWEY DECIMAL CLASSIFICATION NUMBER
Classification number 236.9
Author Cutter VIN
100 ## - MAIN ENTRY--AUTHOR NAME
Author name Vines, Jerry
245 ## - TITLE STATEMENT
Title I Shall Return -Jesus
260 ## - PUBLICATION, DISTRIBUTION, ETC. (IMPRINT)
Place of publication U S A
Name of publisher Victor Books
Year of publication 1981
300 ## - PHYSICAL DESCRIPTION
Number of Pages 120p
500 ## - GENERAL NOTE
General note includes index and biblioraphy
505 2# - FORMATTED CONTENTS NOTE
Formatted contents note Illinois
650 ## - SUBJECT ADDED ENTRY--TOPICAL TERM
Topical Term Second Advent
942 ## - ADDED ENTRY ELEMENTS (KOHA)
Koha item type Books
700 1# -
-- Vines, Jerry
Holdings
Collection code Home library Current library Date acquired Cost, normal purchase price Full call number Accession Number Koha item type
  Henry Martyn Institute Library Henry Martyn Institute Library 06/20/2007 144.55 236.9 VIN 010246 Books
                   Copyright © 2026 | Henry Martyn Institute | Hyderabad | TS-500052 | INDIA | Implemented by hmi.edu.in
Hit-Count:

Powered by Koha